<?xml version="1.0" encoding="UTF-8"?><?xml-stylesheet type="text/xsl" href="static/style.xsl"?><OAI-PMH xmlns="http://www.openarchives.org/OAI/2.0/" xmlns:xsi="http://www.w3.org/2001/XMLSchema-instance" xsi:schemaLocation="http://www.openarchives.org/OAI/2.0/ http://www.openarchives.org/OAI/2.0/OAI-PMH.xsd"><responseDate>2026-05-17T02:03:47Z</responseDate><request verb="GetRecord" identifier="oai:repisalud.isciii.es:20.500.12105/25403" metadataPrefix="marc">https://repisalud.isciii.es/rest/oai/request</request><GetRecord><record><header><identifier>oai:repisalud.isciii.es:20.500.12105/25403</identifier><datestamp>2025-12-18T12:58:14Z</datestamp><setSpec>com_20.500.12105_25399</setSpec><setSpec>com_20.500.12105_5570</setSpec><setSpec>com_20.500.12105_2404</setSpec><setSpec>com_20.500.12105_2403</setSpec><setSpec>col_20.500.12105_25400</setSpec></header><metadata><record xmlns="http://www.loc.gov/MARC21/slim" xmlns:dcterms="http://purl.org/dc/terms/" xmlns:doc="http://www.lyncode.com/xoai" xmlns:xsi="http://www.w3.org/2001/XMLSchema-instance" xsi:schemaLocation="http://www.loc.gov/MARC21/slim http://www.loc.gov/standards/marcxml/schema/MARC21slim.xsd">
   <leader>00925njm 22002777a 4500</leader>
   <datafield ind2=" " ind1=" " tag="042">
      <subfield code="a">dc</subfield>
   </datafield>
   <datafield ind2=" " ind1=" " tag="720">
      <subfield code="a">Acuña Espinoza, Javiera</subfield>
      <subfield code="e">author</subfield>
   </datafield>
   <datafield ind2=" " ind1=" " tag="720">
      <subfield code="a">Baeza Contreras, Macarena</subfield>
      <subfield code="e">author</subfield>
   </datafield>
   <datafield ind2=" " ind1=" " tag="720">
      <subfield code="a">Hernández Escalona, Muriel</subfield>
      <subfield code="e">author</subfield>
   </datafield>
   <datafield ind2=" " ind1=" " tag="720">
      <subfield code="a">Millar Troncoso, Leslie</subfield>
      <subfield code="e">author</subfield>
   </datafield>
   <datafield ind2=" " ind1=" " tag="720">
      <subfield code="a">Montoya Cáceres, Pamela</subfield>
      <subfield code="e">author</subfield>
   </datafield>
   <datafield ind2=" " ind1=" " tag="260">
      <subfield code="c">2024-03</subfield>
   </datafield>
   <datafield ind2=" " ind1=" " tag="520">
      <subfield code="a">[ES] Introducción: Las personas pueden desarrollarse en diferentes ambientes, los cuales pueden generar estrés, entre los que se encuentra el laboral. El estrés laboral es la reacción psicológica, cognitiva y conductual que aparece cuando las exigencias del entorno laboral superan la capacidad del trabajador para hacerle frente. Método: Estudio Analítico con enfoque correlacional. La muestra estuvo compuesta 115 trabajadores/as, de supermercados de Chillán. Para caracterizar la muestra se aplicó el cuestionario sociodemográfico y laboral y el Test de Estrés Laboral adaptado y valido el 2021. Se consideraron criterios de elegibilidad y exclusión, se aplicó consentimientos informados y se cuenta con la aprobación del comité ético científico de la Universidad Adventista. Resultados: La población estudiada se caracterizó por ser principalmente masculina, de edad adulto joven y con diversidad en cuanto a la escolaridad. Se encontró que los trabajadores con contratos por tiempo limitado presentaron mayores niveles de estrés y se observó asociación entre la baja escolaridad y los niveles de estrés (p ≤ 0,050). Conclusiones: El estrés laboral puede tener un impacto significativo en la salud física y mental de los trabajadores, así como en la productividad y el ambiente laboral. Es importante abordar el estrés laboral de manera efectiva a través de la implementación de estrategias por parte de los empleados como también de los empleadores. [EN] Introduction: People can develop in different environments, which can generate stress, including work. Work-related stress is the psychological, cognitive, and behavioral reaction that occurs when the demands of the work environment exceed the worker’s ability to cope. Method: Analytic study with a correlative approach. The sample was composed of 115 workers/s from supermarkets in Chillán. To characterize the sample, the sociodemographic and labor questionnaire and the adapted Work Stress Test were applied and validated in 2021. Eligibility and exclusion criteria were considered, informed consents were applied and the scientific ethics committee of the Adventist University was approved. Results: The studied population was characterized by being mainly male, of young adult age and with diversity in terms of schooling. It was found that workers with limited time contracts had higher levels of stress and an association was observed between low schooling and stress levels (p ≤ 0.050). Conclusions: Work-related stress can have a significant impact on workers’ physical and mental health, as well as productivity and the work environment. It is important to address workplace stress effectively through the implementation of strategies by employees as well as employers.</subfield>
   </datafield>
   <datafield ind1="8" ind2=" " tag="024">
      <subfield code="a">Acuña J, Baeza M, Hernández M, Millar L, Montoya P. Relación entre nivel de estrés y características sociodemográficas/ laborales de trabajadores de supermercados, Chillán, 2023. Med Segur Trab (Internet). 2024;70(274):34-43.</subfield>
   </datafield>
   <datafield ind1="8" ind2=" " tag="024">
      <subfield code="a">10.4321/s0465-546x2024000100004</subfield>
   </datafield>
   <datafield ind1="8" ind2=" " tag="024">
      <subfield code="a">1989-7790</subfield>
   </datafield>
   <datafield ind1="8" ind2=" " tag="024">
      <subfield code="a">Med Segur Trab (Internet)</subfield>
   </datafield>
   <datafield ind1="8" ind2=" " tag="024">
      <subfield code="a">156240044</subfield>
   </datafield>
   <datafield ind1="8" ind2=" " tag="024">
      <subfield code="a">https://hdl.handle.net/20.500.12105/25403</subfield>
   </datafield>
   <datafield tag="653" ind2=" " ind1=" ">
      <subfield code="a">Estrés laboral</subfield>
   </datafield>
   <datafield tag="653" ind2=" " ind1=" ">
      <subfield code="a">Comercio</subfield>
   </datafield>
   <datafield tag="653" ind2=" " ind1=" ">
      <subfield code="a">Trabajadores</subfield>
   </datafield>
   <datafield tag="653" ind2=" " ind1=" ">
      <subfield code="a">Work stress</subfield>
   </datafield>
   <datafield tag="653" ind2=" " ind1=" ">
      <subfield code="a">Trade</subfield>
   </datafield>
   <datafield tag="653" ind2=" " ind1=" ">
      <subfield code="a">Workers</subfield>
   </datafield>
   <datafield ind2="0" ind1="0" tag="245">
      <subfield code="a">Relación entre nivel de estrés y características sociodemográficas/ laborales de trabajadores de supermercados, Chillán, 2023</subfield>
   </datafield>
</record></metadata></record></GetRecord></OAI-PMH>